000 00324nam a22001337a 4500
005 20230724123132.0
008 230724b ||||| |||| 00| 0 eng d
040 _cAL
082 _219
_a155.2
_bPERC
100 _aMartin Perry
_9128231
245 _aConfidence Boosters
260 _aLondon
_bHamlyn
_c2005
942 _2ddc
_cBK
999 _c228109
_d228109